Znižovanie daňového zaťaženia prostredníctvom maltských rezidentných spoločností

Podpora maltskej vlády prílivu zahraničných investícií do svojej krajiny - zavedenie zvýhodneného daňového režimu pre investorov. Redukcia daňového zaťaženia pre zahraničných investorov, aj pre slovenské subjekty. Dva typy maltských spoločností: medzinárodná obchodná spoločnosť (ITC) a medzinárodná...

Ausführliche Beschreibung

Gespeichert in:
Bibliographische Detailangaben
1. Verfasser: Schmidt, Martin
Format: Buchkapitel
Sprache:Slowakisch
Schlagworte:
Tags: Tag hinzufügen
Keine Tags, Fügen Sie das erste Tag hinzu!

MARC

LEADER 00000naa$a2200000$$$4500
001 0018574
005 20231003105624.4
041 0 |a slo 
044 |a SK 
245 1 0 |a Znižovanie daňového zaťaženia prostredníctvom maltských rezidentných spoločností  |c Martin Schmidt 
520 |a Podpora maltskej vlády prílivu zahraničných investícií do svojej krajiny - zavedenie zvýhodneného daňového režimu pre investorov. Redukcia daňového zaťaženia pre zahraničných investorov, aj pre slovenské subjekty. Dva typy maltských spoločností: medzinárodná obchodná spoločnosť (ITC) a medzinárodná holdingová spoločnosť (IHC). Podmienky založenia spoločnosti na Malte. 
610 2 0 |a spoločnosti obchodné 
610 2 0 |a spoločnosti holdingové 
610 2 0 |a obchod medzinárodný 
610 2 0 |a zaťaženie daňové 
610 2 0 |a investície zahraničné 
610 2 0 |a Malta 
100 1 |a Schmidt, Martin